000 00568nam a2200145Ia 4500
008 230917s9999||||xx |||||||||||||| ||und||
040 _e179701
_aMAIN
041 _aEnglish
082 _a340.0711 J199L
100 _aJain, Ashok K
245 0 _aLaw guide for judicial service examinations.3V. V1- Law of contract and torts, Indian Penal code, Hindu and Muslim law, Limitation, Arbitration, Partnership and S R Act; V3- Civil Procedure Code, Evidence Act, Criminal Procedure Code.
260 _aNew Delhi
_bAscent Publications
_c2004
300 _av p.
942 _cBK
999 _c132689
_d132689